Synthesis and Structure-Activity Relationships of Novel Ecdysteroid Dioxolanes as MDR Modulators in Cancer

Elmentve itt :
Bibliográfiai részletek
Szerzők: Martins Ana
Csábi József
Balázs Attila
Kitka Diána
Amaral Leonard
Molnár József
Simon András
Tóth Gábor
Hunyadi Attila
Dokumentumtípus: Cikk
Megjelent: MDPI AG 2013
Sorozat:Molecules 18 No. 12
doi:10.3390/molecules181215255

mtmt:2478569
Online Access:http://publicatio.bibl.u-szeged.hu/4342
LEADER 00998nab a2200289 i 4500
001 publ4342
005 20190206145239.0
008 140702s2013 hu o 0|| angol d
022 |a 1420-3049 
024 7 |a 10.3390/molecules181215255  |2 doi 
024 7 |a 2478569  |2 mtmt 
040 |a SZTE Publicatio Repozitórium  |b hun 
041 |a angol 
100 1 |a Martins Ana 
245 1 0 |a Synthesis and Structure-Activity Relationships of Novel Ecdysteroid Dioxolanes as MDR Modulators in Cancer  |h [elektronikus dokumentum] /  |c  Martins Ana 
260 |a MDPI AG  |c 2013 
300 |a 15255-15275 
490 0 |a Molecules  |v 18 No. 12 
700 0 1 |a Csábi József  |e aut 
700 0 1 |a Balázs Attila  |e aut 
700 0 1 |a Kitka Diána  |e aut 
700 0 1 |a Amaral Leonard  |e aut 
700 0 1 |a Molnár József  |e aut 
700 0 1 |a Simon András  |e aut 
700 0 1 |a Tóth Gábor  |e aut 
700 0 1 |a Hunyadi Attila  |e aut 
856 4 0 |u http://publicatio.bibl.u-szeged.hu/4342/1/2478569%20Martins_Molecules_2013.pdf  |z Dokumentum-elérés